Score 0/26 Timer 03:00
1 Play Today
Hint 4-Letter Word % Correct
Hairdressing tool✂️ COMB ✂️
96.2%
ArriveCOME
94.7%
Sound made by a clockTOCK
93.2%
Honky ____TONK
92.2%
Affordable ___ ActCARE
90.5%
Shopping aidCART
90.4%
CenterCORE
90.2%
A line in the hair✂️ PART ✂️
87.9%
Quality of soundTONE
87.4%
Ringlet✂️ CURL ✂️
87.1%
Prong of a forkTINE
86.1%
Shoot a gunFIRE
86%
Tress of hair✂️ LOCK ✂️
85.8%
Hint 4-Letter Word % Correct
Sagan or Jung, e.g.CARL
85.6%
Very thin, like hair✂️ FINE ✂️
84%
TerseCURT
83.1%
Deck of cardsPACK
82.8%
TreatyPACT
82%
Be in need ofLACK
79.8%
Cable or flex, e.g.WIRE
78.1%
Peel an applePARE
76.4%
Father in FrenchPÈRE
72.8%
'Hard' or 'soft' followerWARE
71.1%
'Beachy' hair feature✂️ WAVE ✂️
70.9%
Tile a pathPAVE
69.4%
Hair-setting method✂️ PERM ✂️
61.9%

Today's Daily Dose

Remove Ads.
Support Sporcle.
Get the best of Sporcle when you Go Orange. This ad-free experience offers more features, more stats, and more fun while also helping to support Sporcle. Thank you for becoming a member.

You're not logged in!

Compare scores with friends on all Sporcle quizzes.
OR
Log In

Show Comments

Extras

Top Quizzes Today


Score Distribution

Your Account Isn't Verified!

In order to create a playlist on Sporcle, you need to verify the email address you used during registration. Go to your Sporcle Settings to finish the process.

Report this User

Report this user for behavior that violates our Community Guidelines.

Details: